| 000 | 00529nam a22001697a 4500 | ||
|---|---|---|---|
| 005 | 20260228172804.0 | ||
| 010 | _aBACEN26 | ||
| 020 |
_a9788126937431 _c1695.00 |
||
| 037 | _bAtlantic | ||
| 082 | _a230.3 | ||
| 100 |
_aGarrett, John _987902 |
||
| 245 |
_aA Classical Dictionary Of India/ _c John Garrett |
||
| 260 |
_aNew Delhi _bAtlantic _c2026 |
||
| 270 |
_a7/22 Ansari Road, Darya Ganj _bNew Delhi _k1140775252 _morders@atlanticbooks.com |
||
| 300 |
_aVarious p. _c26cm(pb) |
||
| 942 |
_2ddc _cEN _mGAR _h230.3 |
||
| 999 |
_c215118 _d215118 |
||